000 00457nam a2200193Ia 4500
003 OSt
005 20250830110752.0
008 250729s2005 xx 000 0 und d
020 _a978-1943140169
040 _cAL
041 _aeng
082 _a200 TOLM
100 _aToler Stan
_9222339
245 _aMinit motivators
260 _aMumbai
_bBetter Yourself Publication
_c2005
300 _a159p
650 _aGeneraliya
_9222340
942 _2ddc
_cBED
999 _c235416
_d235416